02951cam a2200217 i 4500020002500000020002200025041000800047082001600055245006500071260005200136300002100188505077100209520147600980650002002456650001702476700002602493942000702519952009502526952009502621999001702716 a9780801049385 (pbk.) a0801049385 (pbk.) aENG00a220.67bHAY00aEvangelical faith and the challenge of historical criticism  a United States of AmericabBaker Academicc2013 axiv, 241 pages ;0 aa Towards a faithful criticism / Christopher M. Hays -- Adam and the fall / Christopher M. Hays and Stephen Lane Herring -- The exodus: fact, fiction or both? / Christopher B. Ansberry -- No covenant before the exile? : the Deuteronomic Torah and Israel's covenant theology / Christopher B. Ansberry and Jerry Hwang -- Problems with prophecy / Amber Warhurst, Seth B. Tarrer and Christopher M. Hays -- Pseudepigraphy and the canon / Christopher B. Ansberry, Casey A. Strine, Edward W. Klink III and David Lincicum -- The historical Jesus / Michael J. Daling and Christopher M. Hays -- The Paul of Acts and the Paul of the epistles / Aaron J. Kuecker and Kelly D. Liebengood / Faithful criticism and a critical faith / Christopher B. Ansberry and Christopher M. Hays. aMany introductions to biblical studies describe critical approaches, but they do not discuss the theological implications. This timely resource discusses the relationship between historical criticism and Christian theology to encourage evangelical engagement with historical-critical scholarship. Charting a middle course between wholesale rejection and unreflective embrace, the book introduces evangelicals to a way of understanding and using historical-critical scholarship that doesn't compromise Christian orthodoxy. The book covers eight of the most hotly contested areas of debate in biblical studies, helping readers work out how to square historical criticism with their beliefs. -- Publisher a Towards a faithful criticism / Christopher M. Hays -- Adam and the fall / Christopher M. Hays and Stephen Lane Herring -- The exodus: fact, fiction or both? / Christopher B. Ansberry -- No covenant before the exile? : the Deuteronomic Torah and Israel's covenant theology / Christopher B. Ansberry and Jerry Hwang -- Problems with prophecy / Amber Warhurst, Seth B. Tarrer and Christopher M. Hays -- Pseudepigraphy and the canon / Christopher B. Ansberry, Casey A. Strine, Edward W. Klink III and David Lincicum -- The historical Jesus / Michael J. Daling and Christopher M. Hays -- The Paul of Acts and the Paul of the epistles / Aaron J. Kuecker and Kelly D. Liebengood / Faithful criticism and a critical faith / Christopher B. Ansberry and Christopher M. Hays. 0aEvangelicalism. 0aChristianity1 aHays, Christopher M., cBK 00104070aHMIbHMIcGENd2018-12-06l0o220.67 HAYp11003997r2026-01-16w2026-01-16yBK 00104070aHMIbHMIcGENd2018-12-06l0o220.67 HAYp11003998r2026-01-16w2026-01-16yBK c22577d22577